Ricostruisci la Carriera del Calciatore - Ante Rebić - Statistics

Statistiche generali
  • Questo quiz è stato fatto 12 volte
  • Il punteggio medio è 3 su 8
Statistiche sulle risposte
Hint Risposta % Corretto
2011-2013 RNK Spalato
78%
2019-2023 Milan
56%
2016-2019 Eintracht Francoforte
44%
2023- Beşiktaş
33%
2016 Verona
33%
2013-2014 Fiorentina
22%
2015-2016 Fiorentina
11%
2014-2015 RB Lipsia
11%
Nessun quiz corrispondente trovato
Distribuzione punteggi
Percentuale di utenti per punteggio
Percentile per numero di risposta
I tuoi punteggi nel tempo
Non hai fatto questo quiz